Public administration and public affairs / (Record no. 8657)

MARC details
000 -LEADER
fixed length control field 01959cam a2200349 i 4500
001 - CONTROL NUMBER
control field 19602817
003 - CONTROL NUMBER IDENTIFIER
control field OSt
005 - DATE AND TIME OF LATEST TRANSACTION
control field 20230626135420.0
008 - FIXED-LENGTH DATA ELEMENTS--GENERAL INFORMATION
fixed length control field 170419s2018 nyu b 001 0 eng
010 ## - LIBRARY OF CONGRESS CONTROL NUMBER
LC control number 2017014970
020 ## - INTERNATIONAL STANDARD BOOK NUMBER
International Standard Book Number 9781138693500 (hardback : alk. paper)
020 ## - INTERNATIONAL STANDARD BOOK NUMBER
International Standard Book Number 9781138693524 (pbk. : alk. paper)
020 ## - INTERNATIONAL STANDARD BOOK NUMBER
Canceled/invalid ISBN 9781315530536 (ebook)
040 ## - CATALOGING SOURCE
Original cataloging agency DLC
Language of cataloging eng
Transcribing agency DLC
Description conventions rda
Modifying agency DLC
042 ## - AUTHENTICATION CODE
Authentication code pcc
050 00 - LIBRARY OF CONGRESS CALL NUMBER
Classification number JF1351.H45
082 00 - DEWEY DECIMAL CLASSIFICATION NUMBER
Classification number 351.73
Edition number 23
100 1# - MAIN ENTRY--PERSONAL NAME
Personal name Henry, Nicholas,
Relator term author.
9 (RLIN) 1897
245 10 - TITLE STATEMENT
Title Public administration and public affairs /
Statement of responsibility, etc. Nicholas Henry.
250 ## - EDITION STATEMENT
Edition statement Thirteenth Edition.
264 #1 - PRODUCTION, PUBLICATION, DISTRIBUTION, MANUFACTURE, AND COPYRIGHT NOTICE
Place of production, publication, distribution, manufacture New York :
Name of producer, publisher, distributor, manufacturer Routledge, Taylor & Francis Group,
Date of production, publication, distribution, manufacture, or copyright notice 2018.
300 ## - PHYSICAL DESCRIPTION
Extent xx, 514 pages ;
Dimensions 25 cm
336 ## - CONTENT TYPE
Content type term text
Content type code txt
Source rdacontent
337 ## - MEDIA TYPE
Media type term unmediated
Media type code n
Source rdamedia
338 ## - CARRIER TYPE
Carrier type term volume
Carrier type code nc
Source rdacarrier
504 ## - BIBLIOGRAPHY, ETC. NOTE
Bibliography, etc. note Includes bibliographical references and index.
505 ## - FORMATTED CONTENTS NOTE
Formatted contents note Contents : part 1: In defense of governing well : Big democracy, big bureaucrary -- Paradigms of public administration -- Part 2 :Public and nonprofit organizations : The thread of organization: Theories -- The fabric of organization: forces -- The fibers of organizations: people -- Part 3: Public and nonprofit management: curbing corruption, enhancing efficiency : Clarifying complexity: the public's information resource -- The Constant quest: efficient and effective governanace -- The public trough : financing and budgeting governments -- Managing human capital in the public and nonprofit sectors -- Part 4: Implementing public policy : Understanding and improving public poicy -- Intersectoral administration -- Intergovernmental administration -- Toward a bureaucratic ethic
650 #0 - SUBJECT ADDED ENTRY--TOPICAL TERM
Topical term or geographic name entry element Public administration.
9 (RLIN) 1898
906 ## - LOCAL DATA ELEMENT F, LDF (RLIN)
a 7
b cbc
c orignew
d 1
e ecip
f 20
g y-gencatlg
942 ## - ADDED ENTRY ELEMENTS (KOHA)
Source of classification or shelving scheme Library of Congress Classification
Koha item type Books
Holdings
Withdrawn status Lost status Source of classification or shelving scheme Damaged status Not for loan Home library Current library Shelving location Date acquired Total Checkouts Full call number Barcode Date last seen Copy number Price effective from Koha item type
    Dewey Decimal Classification     WISCONSIN INTERNATIONAL UNIVERSITY COLLEGE, GHANA - MAIN LIBRARY WISCONSIN INTERNATIONAL UNIVERSITY COLLEGE, GHANA - MAIN LIBRARY Reference 10/02/2022   JF1351.H45 9078/528/22 10/02/2022 1 10/02/2022 Books

If you have any concerns or questions; kindly contact the library


© Powered by WIUC ICT DIRECTORATE